Catálogo
 En Linea

Módulo de capacitación en género /. / (Registro nro. 45620)

Detalles MARC
000 -CABECERA
campo de control de longitud fija 00978nam a2200181 a 4500
001 - NÚMERO DE CONTROL
campo de control 000046131
005 - FECHA Y HORA DE LA ÚLTIMA TRANSACCIÓN
campo de control 20201002052646.0
008 - DATOS DE LONGITUD FIJA--INFORMACIÓN GENERAL
campo de control de longitud fija 110425s1995 dr 000 0 spa d
040 ## - FUENTE DE LA CATALOGACIÓN
Centro catalogador/agencia de origen DO-SdBNP
Lengua de catalogación spa
Centro/agencia transcriptor BNPHU
082 ## - NÚMERO DE LA CLASIFICACIÓN DECIMAL DEWEY
Número de clasificación xxxx
Número de documento/Ítem M692
049 ## - FONDOS LOCALES (OCLC)
Fondos de biblioteca BNPD
100 1# - ENTRADA PRINCIPAL--NOMBRE DE PERSONA
Nombre de persona Brady, Daniele
9 (RLIN) 74188
245 10 - MENCIÓN DE TÍTULO
Título Módulo de capacitación en género /. /
Mención de responsabilidad, etc. Daniele Brady.
260 ## - PUBLICACIÓN, DISTRIBUCIÓN, ETC.
Lugar de publicación, distribución, etc. Santo Domingo :
Nombre del editor, distribuidor, etc. Publicación CIFD :
-- UNICEF,
Fecha de publicación, distribución, etc. 1995.
300 ## - DESCRIPCIÓN FÍSICA
Extensión v. ;
Dimensiones 26 cm.
500 ## - NOTA GENERAL
Nota general Incluye datos biográficos del autor en la contracubierta
505 0# - NOTA DE CONTENIDO CON FORMATO
Información miscelánea Módulo 1
Título De "mujer y desarrollo" "a mujer y género" /
Mención de responsabilidad Danièle Brady --
Información miscelánea Módulo 2
Título "La discriminación sexual como construcción social" /
Mención de responsabilidad Eveline Pressoir --
Información miscelánea Módulo 3
Título Trabajar no para las mujeres si no con ellas /
Mención de responsabilidad Luisa Sherezada Vicioso Chiqui (Chiqui) --
Información miscelánea Módulo 4
Título "la mujeres en contra de ellas mismas" /
Mención de responsabilidad Eveline Pressoir --
Información miscelánea Módulo v. 5
Título En busca de oportunidades iguales /
Mención de responsabilidad Luisa Sherezada Vicioso Chiqui (Chiqui).
Existencias
Estado de retiro Estado de pérdida No para préstamo Código de colección Localización permanente Ubicación/localización actual Ubicación en estantería Fecha de adquisición Número de inventario Total de préstamos Signatura topográfica completa Código de barras Fecha visto por última vez Precio válido a partir de Tipo de ítem Koha Nota pública
    Excluido de préstamo Patrimonio Dominicano Patrimonio Dominicano Patrimonio Dominicano Depósito 25.06.2015 LF1   xxxx M692 46131-10 25.06.2020 25.06.2020 Libro y Folleto Colección Patrimonio Dominicano Perteneció a la biblioteca personal de Chiqui Vicioso / Fidelio Despradel.
      Patrimonio Dominicano Patrimonio Dominicano Patrimonio Dominicano Orden iniciada 13.07.2015 LF1   xxxx M692 46131-20 25.06.2020 25.06.2020 Libro y Folleto Colección Patrimonio Dominicano Perteneció a la biblioteca pesonal de Chiqui Vicioso / Fidelio Despradel.

Con tecnología Koha